000
00291nam a2200133Ia 4500
008
191201s2007 xx 000 0 und d
100
_a
Lipschutz, Seymour
245
0
_a
Data Structures
250
_a
-
260
_c
2007
_b
TMH
_a
N.Delhi
300
_a
9.27
650
_a
CSE
942
_2
ddc
_c
BB
999
_c
7202
_d
7202